Vida de D. Agustín de Argüelles / (Record no. 164522)

MARC details
000 -LEADER
campo de control de longitud fija 01109nam a2200229 i 4500
001 - NÚMERO DE CONTROL
campo de control 164522
003 - IDENTIFICADOR DE NÚMERO DE CONTROL
campo de control ES-MaACL
005 - FECHA Y HORA DE LA ÚLTIMA TRANSACCIÓN
campo de control 20231229063049.0
008 - DATOS DE LONGITUD FIJA--INFORMACIÓN GENERAL
campo de control de longitud fija 931025m18511852sp a |||| |bspa d
100 1# - ENTRADA PRINCIPAL--NOMBRE DE PERSONA
Nombre de persona San Miguel, Evaristo,
Fechas asociadas al nombre 1785-1862
9 (RLIN) 132380
245 10 - MENCIÓN DEL TÍTULO
Título Vida de D. Agustín de Argüelles /
Mención de responsabilidad, etc. por Evaristo San Miguel.
260 ## - PUBLICACIÓN, DISTRIBUCIÓN, ETC.
Lugar de publicación, distribución, etc. Madrid :
Nombre del editor, distribuidor, etc. [s.n.],
Fecha de publicación, distribución, etc. 1851-1852 (
Fabricante Imp. del Colegio de Sordo-mudos)
300 ## - DESCRIPCIÓN FÍSICA
Extensión 4 v. :
Otras características físicas 1 retr. ;
Dimensiones 23 cm.
530 ## - NOTA DISPONIBLE DE FORMULARIO FÍSICO ADICIONAL
Nota de formato físico adicional disponible Disponible en formato digital.
596 ## - NOTA AL PIE DE IMPRENTA
NOTA AL PIE DE IMPRENTA t. II: Imp. de los señores Andrés y Díaz - t. III y IV: Imp. de Díaz y compañía.
597 ## - NOTA DE DESCRIPCIÓN FÍSICA
NOTA DE DESCRIPCIÓN FÍSICA T. I, 1851 (479 p., [1] h. de lám.) - t. II, 1851 (488 p.) - t. III, 1851 (480 p.) - t. IV, 1852 (491 p.)
599 ## - NOTA A LAS ILUSTRACIONES
NOTA A LAS ILUSTRACIONES H. de grab. en t. I: retrato de Argüelles "C. Legrand; Lit. de Bachiller"
600 14 - PUNTO DE ACCESO ADICIONAL DE MATERIA--NOMBRE DE PERSONA
Nombre de persona Argüelles, Agustín,
Fechas asociadas al nombre 1776-1844
9 (RLIN) 22710
852 ## - LOCALIZACIÓN
Ubicación ES-MaACL
Número de control de estantería D-1088-91
Nota libre - Enc. hol.
856 ## - LOCALIZACIÓN Y ACCESO ELECTRÓNICOS
Identificador Uniforme de Recursos <a href="http://bibliotecadigitalhispanica.bne.es:80/webclient/DeliveryManager?pid=2702525&custom_att_2=simple_viewer">http://bibliotecadigitalhispanica.bne.es:80/webclient/DeliveryManager?pid=2702525&custom_att_2=simple_viewer</a>
Nota pública Biblioteca Digital Hispánica
Holdings
Estatus retirado Estado de pérdida Estado de daño No para préstamo Colección Biblioteca de origen Biblioteca actual Ubicación en estantería Fecha de adquisición Total de préstamos Signatura topográfica completa Código de barras Visto por última vez Precio de reemplazo Tipo de ítem Koha
        Colección digital Biblioteca del Ateneo de Madrid Biblioteca del Ateneo de Madrid Sala Valle Inclán 17/01/2008   D-1088-91 901172457 23/02/2023 23/02/2023 Libro impreso antiguo